Ekonomické a právne aspekty franchisingovej zmluvy bakalárska práca

Na minha lista:
Detalhes bibliográficos
Autor principal: Salamová, Adriana
Autor Corporativo: Obchodná fakulta EU. Katedra obchodného práva
Outros Autores: Hodál, Matej
Formato: Livro
Idioma:eslovaco
Publicado em: Bratislava 2011
Tags: Adicionar Tag
Sem tags, seja o primeiro a adicionar uma tag!

MARC

LEADER 00000nam a2200000 4500
001 0151486
005 20240320072013.2
041 0 |a slo 
044 |a SK 
245 1 0 |a Ekonomické a právne aspekty franchisingovej zmluvy  |b bakalárska práca  |c Adriana Salamová ; školiteľ: Matej Hodál 
264 1 |a Bratislava  |c 2011 
300 |a 59 s. 
100 1 |a Salamová, Adriana 
700 1 |a Hodál, Matej 
710 2 |a Obchodná fakulta EU. Katedra obchodného práva